| 000 | 00451nam a2200157Ia 4500 | ||
|---|---|---|---|
| 008 | 220216s9999 xx 000 0 und d | ||
| 100 | _aHaberstroh E | ||
| 245 | 0 | _aPhysical foaming of EPDM and NBR in the injection moulding process | |
| 260 |
_bKautschuk Gummi Kunststoffe _c2008 |
||
| 300 | _a254-259 | ||
| 650 | _aInjection moulding | ||
| 650 | _aMoulded part properties | ||
| 650 | _aPhysical foaming | ||
| 700 | _aOpdenwinkel K | ||
| 942 | _cJS | ||
| 999 |
_c64948 _d64948 |
||